000 00821cam a22002174a 4500
005 20250605164251.0
008 250528s ||||||||||||||||||||||||d
035 _a21757
020 _a978047160759
040 _aGR-AtMCL
_bgre
_dGR-AtMCL
_eAACR2
245 1 _aWIRELESS MOBILE DATA NETWORKS
250 _a1
260 _bWiley,
_c2005
300 _a346
505 0 _aWIRELESS DATA REFERENCE ARCITECTURES FOR WIRELESS DATA COMPONENTS OF A WIRELESS LAN WLANS: THE PHYSICAL LAYER WLANS: MEDIOM ACCESS CONTROL MOBILITY AND INTERNET PROTOCOLS
520 _aWIRELESS DATA REFERENCE ARCITECTURES FOR WIRELESS DATA COMPONENTS OF A WIRELESS LAN WLANS: THE PHYSICAL LAYER WLANS: MEDIOM ACCESS CONTROL MOBILITY AND INTERNET PROTOCOLS
700 1 _aAhmad Aftab
_97682
942 _cBK
999 _c6816
_d6816